The language of planning (Record no. 105819)

MARC details
000 -LEADER
fixed length control field 00569cam a2200193 4500
001 - CONTROL NUMBER
control field ##L134857
008 - FIXED-LENGTH DATA ELEMENTS--GENERAL INFORMATION
fixed length control field 060906n 000 0 eng u
035 ## - SYSTEM CONTROL NUMBER
System control number (Sirsi) u134857
041 0# - LANGUAGE CODE
Language code of text/sound track or separate title eng
050 04 - LIBRARY OF CONGRESS CALL NUMBER
Classification number 711.1 $2 18
110 2# - MAIN ENTRY--CORPORATE NAME
Corporate name or jurisdiction name as entry element D. J. Freeman
9 (RLIN) 794
245 04 - TITLE STATEMENT
Title The language of planning
260 ## - PUBLICATION, DISTRIBUTION, ETC.
Place of publication, distribution, etc. London
Name of publisher, distributor, etc. D J Freeman
Date of publication, distribution, etc. [200?]
300 ## - PHYSICAL DESCRIPTION
Extent [28]p.
Dimensions 21cm.
520 ## - SUMMARY, ETC.
Summary, etc. Provides definitions of selected terms which may be encountered in the planning process.
651 #4 - SUBJECT ADDED ENTRY--GEOGRAPHIC NAME
Geographic name England and Wales
Chronological subdivision 1543-
690 ## - LOCAL SUBJECT ADDED ENTRY--TOPICAL TERM (OCLC, RLIN)
Topical term or geographic name as entry element Planning and development
9 (RLIN) 6259
942 ## - ADDED ENTRY ELEMENTS (KOHA)
Suppress in OPAC 0
Holdings
Withdrawn status Lost status Source of classification or shelving scheme Damaged status Not for loan Home library Current library Shelving location Date acquired Total Checkouts Full call number Barcode Date last seen Copy number Price effective from Koha item type
    Dewey Decimal Classification     London London Books 06/09/2006   711.1 DJF 30072480 06/08/2019 1 06/08/2019 Book